| 000 | 00437nam a22001457a 4500 | ||
|---|---|---|---|
| 005 | 20170828105328.0 | ||
| 020 |
_a8187498145 _c250.00 |
||
| 035 | _aB-055380 | ||
| 037 |
_aDPL _bENG |
||
| 100 | _aRao, V.M. | ||
| 245 |
_aDeveloping agro enterprises among farm women : _bA case of amul / _cby V.M. Rao |
||
| 260 |
_aNew Delhi _bRegency Publications _c2000 |
||
| 300 |
_aviii, 109p. _c20 cms. |
||
| 942 |
_2ddc _cEN _h305.4 _mRAO |
||
| 999 |
_c65211 _d65211 |
||